50 Flicks to Click (1974) Quiz Stats

 Plays Quiz Updated Jul 7, 2017

Support Sporcle.
Go Orange.
Score 0/50 Timer 07:00
0 Plays Today
% Correct
Great
95.3%
Seconds
95.3%
Texas
94.7%
Blazing
94.2%
Beanstalk
94%
Huckleberry
93.5%
Murder
93.2%
Godfather
93%
Rides
92.6%
Golden
92.1%
Scent
91.9%
Young
91.2%
Head
90.9%
Longest
90.3%
Little
90.2%
Towering
89%
Death
88.8%
Pete's
88.6%
Four
88.3%
Alice
87.1%
Pelham
85.3%
Express
84.5%
Lilies
83.1%
Fern
81.8%
Influence
80.5%
% Correct
Front
78.3%
File
78.2%
Grizzly
77.9%
Saturday
77.8%
Trial
76.8%
Thunderbolt
75.8%
Oz
75.7%
Brown
73.6%
Thieves
72.8%
Crazy
72.4%
Airport
72.3%
Harry
71%
Lords
70.7%
Blond
70.1%
Line
69.5%
Dracula
69.2%
Caged
67.7%
It's
63.3%
Daisy
63.3%
Petrovka
62.9%
Parallax
62.9%
Groove
62%
Freebie
53.2%
Man
52.6%
Duddy
50.8%

You're not logged in!

Compare scores with friends on all Sporcle quizzes.
OR
Log In
Forgot?

From the Vault

The 'I' Movies

by Larryholmes79

The I's have it.
Remove Ads.
Support Sporcle.
Get the best of Sporcle when you Go Orange. This ad-free experience offers more features, more stats, and more fun while also helping to support Sporcle. Thank you for becoming a member.

Show Comments

Extras

Top Quizzes Today


Score Distribution

Your Account Isn't Verified!

In order to create a playlist on Sporcle, you need to verify the email address you used during registration. Go to your Sporcle Settings to finish the process.

Report this User

Report this user for behavior that violates our Community Guidelines.

Details: